00684nam a2200229 a 450000100060000000300090000600800410001501500210005602000150007704000280009208200170012010000380013724500590017526000340023430000350026849000260030360000370032965000160036665000250038265000220040765000250042924579CO-ViMGA141112s2004 ck r 000 u spa d ack - 1990 - xxxx a9586143260 aCO-ViMGAbspacCO-ViMGA04a920.72 A714m1 aArciniegas, Germán, 1900 - 199910aEl mundo de la bella Simonetta / cGermán Arciniegas aBogotá : bPlaneta, cc1990 a191 p., láms. : il. ; 21 cm. aColección documento aCattaneo, Simonetta, 1453 - 147614aBiografias 14aBoticelli - Pintura 14aItalia - historia14aVespucci, Simonetta